000 00589nam a2200229Ia 4500
003 OSt
005 20220918180647.0
006 a|||||r|||| 00| 0
007 ta
008 220917b |||||||| |||| 00| 0 eng d
024 _a23,402
037 _cTextual
040 _aARTS
_cARTS
_beng
041 _2eng
_aeng
082 _aO111,1K31w, K5
100 _aWard Charles E
_956716
245 0 _aLetters of John Dryden Charles E Ward
260 _c1965
650 _aENGLISH LITERATURE
942 _hO111,1K31w, K5
_cTEXL
_2CC
999 _c162466
_d162466